LEADER 01069nam0-22003491i-450 001 990007982880403321 005 20181127135302.0 010 $a88-365-3319-1 035 $a000798288 100 $a20050111d2004----km-y0itay50------ba 101 1 $aita 102 $aIT 105 $aa-------001yy 200 1 $aAbbazie e monasteri$eviaggio in Italia nei luoghi della fede, dell'arte e della cultura$f[ testi di Flavio Conti$gredazione e ricerca iconografica Marina Basso] 210 $aMilano$cTouring Club Italiano$dc2004 215 $a215 p.$cill.$d27 cm 225 1 $a<>Bel Paese 610 0 $aAbbazie$aItalia 610 0 $aLuoghi sacri$aItalia 610 0 $aMonasteri$aItalia 676 $a726.70945$v22$zita 702 1$aConti,$bFlavio$f<1943- > 702 1$aBasso,$bMarina 801 0$aIT$bUNINA$gRICA$2UNIMARC 901 $aBK 912 $a990007982880403321 952 $aARCH B 1915$b14370$fFARBC 952 $a726.709 CON 1$bbibl. 2018$fFLFBC 959 $aFARBC 959 $aFLFBC 996 $aAbbazie e monasteri$9752555 997 $aUNINA LEADER 01978oas 2200649 a 450 001 9910895505103321 005 20260218113021.0 035 $a(DE-599)ZDB1484735-8 035 $a(OCoLC)44243338 035 $a(CONSER) 2011207904 035 $a(CKB)110975506072129 035 $a(DE-599)1484735-8 035 $a(EXLCZ)99110975506072129 100 $a20000113a198u9999 uy 101 0 $aeng 181 $ctxt$2rdacontent 182 $cc$2rdamedia 183 $acr$2rdacarrier 200 00$aComputers in higher education economics review $eCHEER /$fthe Higher Education Academy Economics Network 210 $aBristol $cHigher Education Academy Economics Network 300 $aRefereed/Peer-reviewed 300 $aPrint began in 1987; full text available <1994>- 311 08$a1358-5363 517 3 $aCHEER 517 3 $aCHEER virtual edition 606 $aEconomics$xStudy and teaching$vPeriodicals 606 $aEducational technology$vPeriodicals 606 $aEconomics$xStudy and teaching$2fast$3(OCoLC)fst00902224 606 $aEducational technology$2fast$3(OCoLC)fst00903623 608 $aPeriodicals.$2fast 615 0$aEconomics$xStudy and teaching 615 0$aEducational technology 615 7$aEconomics$xStudy and teaching. 615 7$aEducational technology. 676 $a330.07 712 02$aCTI Centre for Economics 712 02$aUniversity of Bristol.$bLearning and Teaching Support Network. Economics Centre. 712 02$aHigher Education Academy Economics Network. 801 0$bN@F 801 1$bN@F 801 2$bOCLCQ 801 2$bCSO 801 2$bOCLCQ 801 2$bDLC 801 2$bCUS 801 2$bOCLCQ 801 2$bOCLCF 801 2$bOCLCO 801 2$bISU 801 2$bOCLCO 801 2$bOCLCQ 801 2$bOCLCL 801 2$bOCLCQ 906 $aJOURNAL 912 $a9910895505103321 996 $aComputers in higher education economics review$94244312 997 $aUNINA